<?xml version="1.0" encoding="UTF-8"?>
<record
    xmlns:xsi="http://www.w3.org/2001/XMLSchema-instance"
    xsi:schemaLocation="http://www.loc.gov/MARC21/slim http://www.loc.gov/standards/marcxml/schema/MARC21slim.xsd"
    xmlns="http://www.loc.gov/MARC21/slim">

  <leader>03623nab a2200265 i 4500</leader>
  <controlfield tag="003">BR-BrBNA</controlfield>
  <controlfield tag="005">20240918195718.0</controlfield>
  <controlfield tag="008">240918b2016    bl.mr|pooa||| 00| 0 eng |</controlfield>
  <datafield tag="040" ind1=" " ind2=" ">
    <subfield code="a">BR-BrBNA</subfield>
    <subfield code="b">eng</subfield>
  </datafield>
  <datafield tag="072" ind1=" " ind2=" ">
    <subfield code="a">Q60</subfield>
  </datafield>
  <datafield tag="100" ind1=" " ind2=" ">
    <subfield code="a">Hon&#xF3;rio, Isabela Cristina Gomes</subfield>
  </datafield>
  <datafield tag="100" ind1=" " ind2=" ">
    <subfield code="a">Bertoni, Bianca Wal&#xE9;ria </subfield>
  </datafield>
  <datafield tag="100" ind1=" " ind2=" ">
    <subfield code="a">Pereira, Ana Maria Soares </subfield>
  </datafield>
  <datafield tag="245" ind1=" " ind2=" ">
    <subfield code="a">Uncaria tomentosa and Uncaria guianensis an agronomic history to be written</subfield>
  </datafield>
  <datafield tag="500" ind1=" " ind2=" ">
    <subfield code="a">Publica&#xE7;&#xE3;o on-line; Sumaries (En, Pt); Bibliography p. 1407 - 1410</subfield>
  </datafield>
  <datafield tag="520" ind1=" " ind2=" ">
    <subfield code="a">

ABSTRACT - The Uncaria tomentosa and Uncaria guianensis species, which are endemic plants in the Amazonian region, are highlighted as medicinal plants mainly because of their anti-inflammatory activity. The vegetal drug and various types of extracts have been commercialized by pharmaceutical industries and distributed in several countries, thus configuring the economic potential of both species. The objective of the present research was to collect agronomical data published in PubMed, SciELO, and Scopus databases and analyze the main subjects that were either investigated or not investigated to enable the production chain of these species. The conclusion is that U. guianensis has been less studied than U. tomentosa under all aspects evaluated. Both species have been exploited in an extractivistic way. However, no report was found on either sustainable management or conservation or domestication strategies or yet large scale production that can continuously attend the global demand of the pharmaceutic industry. Furthermore, the amount currently produced is insufficient to supply the program of the Ministry of Health, which intends to provide herbal drugs from Uncaria to all Brazilian cities. 

Key words: Uncaria, cat&#xB4;s claw, medicinal plants, extractivism. </subfield>
  </datafield>
  <datafield tag="520" ind1=" " ind2=" ">
    <subfield code="a">

RESUMO - As esp&#xE9;cies Uncaria tomentosa e Uncaria guianensis, plantas end&#xEA;micas da Amaz&#xF4;nia, destacam-se como plantas medicinais por apresentarem principalmente atividade anti-inflamat&#xF3;ria. A droga vegetal e diversos tipos de extratos s&#xE3;o comercializadas por ind&#xFA;strias farmac&#xEA;uticas distribu&#xED;das em v&#xE1;rios pa&#xED;ses, configurando o potencial econ&#xF4;mico de ambas as esp&#xE9;cies. O objetivo deste trabalho foi reunir dados agron&#xF4;micos publicados nas bases de dados PubMed, SciELO e Scopus para analisar os principais temas que j&#xE1; foram investigados ou que ainda precisam ser abordados para viabilizar a cadeia produtiva dessas esp&#xE9;cies. A conclus&#xE3;o &#xE9; que U. guianensis &#xE9; menos estudada do que U. tomentosa sob todos os aspectos avaliados. Ambas as esp&#xE9;cies s&#xE3;o exploradas de forma extrativista. Entretanto, n&#xE3;o foram encontrados relatos de manejo sustent&#xE1;vel, nem estrat&#xE9;gias de conserva&#xE7;&#xE3;o ou domestica&#xE7;&#xE3;o, ou ainda plantios em larga escala que possam atender de modo cont&#xED;nuo a demanda mundial da ind&#xFA;stria farmac&#xEA;utica. Al&#xE9;m disso, n&#xE3;o h&#xE1; quantidade suficiente para abastecer o programa nacional do Minist&#xE9;rio da Sa&#xFA;de, que pretende disponibilizar fitoter&#xE1;picos produzidos a partir de Uncaria a todos os munic&#xED;pios brasileiros.

Palavras-chave: Uncaria, unha de gato, plantas medicinais, extrativismo.</subfield>
  </datafield>
  <datafield tag="650" ind1=" " ind2=" ">
    <subfield code="a">PLANTA MEDICINAL</subfield>
  </datafield>
  <datafield tag="650" ind1=" " ind2=" ">
    <subfield code="a">UNHA DE GATO</subfield>
  </datafield>
  <datafield tag="650" ind1=" " ind2=" ">
    <subfield code="a">EXTRATIVISMO</subfield>
  </datafield>
  <datafield tag="773" ind1="0" ind2=" ">
    <subfield code="0">2408</subfield>
    <subfield code="9">314930</subfield>
    <subfield code="d">Santa Maria-RS Universidade Federal de Santa Maria - Centro de Ci&#xEA;ncias Rurais 1991</subfield>
    <subfield code="o">2024-1181</subfield>
    <subfield code="t">Ci&#xEA;ncia Rural (Brazil)</subfield>
    <subfield code="x">0103-8478</subfield>
    <subfield code="g">v. 46(8) p. 1401-1410; (2016)</subfield>
    <subfield code="w">BR2024001733</subfield>
  </datafield>
  <datafield tag="856" ind1=" " ind2=" ">
    <subfield code="u">https://www.scielo.br/j/cr/a/65V8nLZGx5FD3RzhBvhtVCM/?format=pdf&amp;lang=en</subfield>
  </datafield>
  <datafield tag="942" ind1=" " ind2=" ">
    <subfield code="c">ANA</subfield>
  </datafield>
  <datafield tag="999" ind1=" " ind2=" ">
    <subfield code="c">327717</subfield>
    <subfield code="d">327717</subfield>
  </datafield>
</record>
